000 00844nac a22002537a 4500
001 BR6000339
003 BR-BrBNA
005 20250218085332.0
008 230509b bl.|||m| |||| 00| 0 por d
040 _aBR-BrBNA
_bpor
_cBiblioteca Nacional de Agricultura
072 _aL10
090 _aL10 BR6000339
100 1 _aMoraes, L.G. de
110 1 _aServico de Informacao Agricola, Rio de Janeiro, GB (Brasil)
245 1 _aA inseminacao artificial
260 3 _aRio de Janeiro, GB (Brasil):
_c1944.
300 _a22 p.
490 _aSIA (Brazil)
_vno. 145
500 _aReprint of "Boletim do Ministerio da Agricultura" Apr 1943
650 _aMelhoramento genetico animal
650 _aInseminacao artificial
856 _uhttps://repositorio-dspace.agricultura.gov.br/bitstream/1/5962/1/1944%20SIA%20145.pdf
942 _2AGRIS
_n0
_cMS
999 _c261133
_d261133